Alkali soils of the United States : a review of literature and summary of present information /

Bibliographic Details
Main Author: Dorsey, Clarence W.
Corporate Author: United States. Department of Agriculture
Format: Government Document Book
Language:English
Published: [Place of publication not identified] : [publisher not identified] ; 1906.

MARC

Tag First Indicator Second Indicator Subfields
LEADER 00000cam a2200000 i 4500
001 in00002005697
005 20151031141443.0
008 041112b1906 ilua f000 0 eng
040 |d UtOrBLW 
086 0 |a A 26.3:35 
100 1 |a Dorsey, Clarence W. 
245 1 0 |a Alkali soils of the United States :  |b a review of literature and summary of present information /  |c Clarence W. Dorsey. 
264 1 |a [Place of publication not identified] :  |b [publisher not identified] ;  |c 1906. 
300 |a 196 pages 
336 |a text  |b txt  |2 rdacontent 
337 |a unmediated  |b n  |2 rdamedia 
338 |a volume  |b nc  |2 rdacarrier 
710 1 |a United States.  |b Department of Agriculture. 
945 |a cataloged  |k rvaughan  |c 2004/11/12 
999 |a MARS 
999 f f |s 2e500f68-f6a8-3dba-8a1e-78e0d682d7b5  |i 3a6a00f6-22f7-32ff-92e7-1b3798832c5b  |t 0 
952 f f |p normal  |a Texas A&M University  |b College Station  |c Sterling C. Evans Library  |d Evans: US Documents (Annex 5th floor)  |t 0  |e A 26.3:31-45  |h Superintendent of Documents classification  |i unmediated -- volume  |m A14832134264 
952 f f |a Texas A&M University  |b College Station  |c Sterling C. Evans Library  |d Evans: US Documents (Annex 5th floor)  |t 0  |e A 26.3:31-45  |h Superintendent of Documents classification 
998 f f |a A 26.3:31-45  |t 0  |l Evans: US Documents (Annex 5th floor)